1838 1132 1374 1199 1327 1508 1444 1883 1481 1905 1935 1060 1000 1135 1548 1689 1567 1325 1868 1167 1003 1582 1850 1291 1306 1065 1999 1984 1213 1512 1277 1147 1021 1786 1998 1085 1629 1448 1131 1809 1936 1679 2000 1934 1782 1975 1646 1903 1595 1558 1642 1593 1310 1750 1781 1880 1432 1651 1220 1645 1029 1060 1742 1343 1652 1929 1544 1565 1562 1295 1873 1059 1733 1736 1294 1955 1001 2000 1978 1080 1243 1923 1530 1641 1802 1435 1111 1979 1204 1797 1096 1822 1765 1842 1163 1371 1931 1193 1781 BCNSPRNW ULIB Ver.6.0+V

เปลี่ยนเป็นภาษาไทย

Change to English
 แสดงรายละเอียดบรรณานุกรม
  กลับหน้าหลัก

Brief Record : Get Marc (ISO 2709) : E-mail record : QR code < ปิดหน้าต่าง
LEADER : 00000nam 2200000uu 4500
001    13399112315
003     ULIB
008    110804s2538||||th 000 0 tha d
020    9742550832
020    9789742550837
060  4 QU4^bช728ช ล.3
100 0  เชาวน์ ชิโนรักษ์
245 00 ชีววิทยา 3 /^cเชาวน์ ชิโนรักษ์
260    กรุงเทพฯ :^bศิลปาบรรณาคาร,^c2538
300    510 หน้า :^bภาพประกอบ
650  7 ชีววิทยา
650  7 พันธุศาสตร์
945    ^p170^l0^i030409
995    ทศพร
999 ^a ทศพร
รายการนี้ยังไม่มีแท็ก
คุณยังไม่ได้ล็อกอิน คุณสามารถมีกิจกรรมร่วมกับเว็บไซต์ได้ แต่ต้องล็อกอินก่อน ::
  ล็อกอิน

รายการสื่อสารสนเทศ

ลำดับที่ ประเภท เลขเรียก/บาร์โค้ด สถานที่ สถานะ
- ไม่พบข้อมูล -

รายการใกล้เคียง
    ผู้แต่ง [เชาวน์ ชิโนรักษ์]

    หัวเรื่อง [ชีววิทยา]
    หัวเรื่อง [พันธุศาสตร์]

BibComment


ยังไม่เคยถูกคอมเมนท์

คอมเมนท์ทรัพยากรรายการนี้
  คอมเมนท์: ชีววิทยา 3 เชาวน..


 Copyright 2026. Bcnsprnw @Library